| 000 | 01313cam a22003374a 4500 | ||
|---|---|---|---|
| 001 | 14268680 | ||
| 003 | OSt | ||
| 005 | 20180116183013.0 | ||
| 008 | 060216s2006 enka b 001 0 eng | ||
| 010 | _a 2006005603 | ||
| 020 | _a1845425200 (hardcover) | ||
| 020 | _a9781845425203 | ||
| 020 | _a9781847207944 (pbk.) | ||
| 035 | _a(OCoLC)ocm64335908 | ||
| 040 |
_aDLC _cDLC _dYDX _dBAKER _dDLC |
||
| 042 | _apcc | ||
| 050 | 0 | 0 |
_aHD2341 _b.W483 2006 |
| 082 | 0 | 0 |
_a338.04 WIL 2006 _222 |
| 100 | 1 |
_aWilliams, Colin C., _d1961- |
|
| 245 | 1 | 4 |
_aThe hidden enterprise culture : _bentrepreneurship in the underground economy / _cColin C. Williams. |
| 260 |
_aCheltenham, UK ; _aNorthampton, MA : _bEdward Elgar, _cc2006. |
||
| 300 |
_axi, 263 p. : _bill. ; _c24 cm. |
||
| 504 | _aIncludes bibliographical references (p. 220-256) and index. | ||
| 650 | 0 | _aInformal sector (Economics) | |
| 650 | 0 | _aEntrepreneurship. | |
| 650 | 0 | _aNew business enterprises. | |
| 856 | 4 | 1 |
_3Table of contents _uhttp://www.loc.gov/catdir/toc/ecip068/2006005603.html |
| 906 |
_a7 _bcbc _corignew _d1 _eecip _f20 _gy-gencatlg |
||
| 942 |
_2ddc _cBK |
||
| 999 |
_c350345 _d350345 |
||